| 000 | 01399nam a22003977a 4500 | ||
|---|---|---|---|
| 003 | CHAP | ||
| 005 | 20220329135611.0 | ||
| 008 | 971013s1995 r 00010 d | ||
| 010 | _a39151 | ||
| 011 | _a40123 | ||
| 035 | _a44248 | ||
| 040 | _cCHAP | ||
| 090 | _aTesis | ||
| 100 | 0 | 0 |
_aAyala Garay, Oscar Javier. _98939 |
| 245 | _aEstudio micrometeorológico del cultivo de trigo (Triticum aestivum L.) en Montecillo, México | ||
| 260 |
_aChapingo, Méx. : _bEl autor, _c1995 |
||
| 300 |
_a97 h. _b: ilus. |
||
| 502 | _aTesis (Ing. Agr. Esp. en Fitotecnia) -- UACH. Departamento de Fitotecnia | ||
| 590 |
_aALEPH _b10 _c20130110 _lUCH01 _h1306 |
||
| 590 |
_aBATCH-UPD _b10 _c20130110 _lUCH01 _h0156 |
||
| 590 |
_aBATCH-UPD _b10 _c20130110 _lUCH01 _h1020 |
||
| 590 |
_aBATCH-UPD _b10 _c20130410 _lUCH01 _h0858 |
||
| 590 |
_aBATCH-UPD _b10 _c20130914 _lUCH01 _h0459 |
||
| 590 |
_aCONVERSION _b10 _c20130109 _lUCH01 _h1322 |
||
| 650 | 1 | 4 |
_aMeteorología agrícola. _975217 |
| 650 | 1 | 4 |
_aMicroclima. _975504 |
| 650 | 1 | 4 |
_aRadiación solar. _993678 |
| 650 | 1 | 4 |
_aRadiación _xEfecto en cereales. _993667 |
| 650 | 1 | 4 |
_aTemperatura _xEfecto en trigo. _9112228 |
| 650 | 1 | 4 |
_aTrigo _xFisiología y morfología. _9115027 |
| 650 | 1 | 4 |
_aTrigo _xRendimiento. _9115092 |
| 901 | _aBK | ||
| 942 | _cFOLL | ||
| 949 |
_bBC _cTES _d-101379 _eTS1 _h27713 _i44248 _si |
||
| 949 |
_bBC _cTES _d-101380 _eTS2 _fc.2 _h27714 _i44248 _si |
||
| 999 |
_c39151 _d39151 |
||